Ces footballeurs ont-ils joué ensemble part.2 ? (difficile) - Statistiques

Statistiques générales
  • Ce quiz a été pris 49 fois
  • Le résultat moyen est 7 sur 12
Statistiques - réponses
Question Réponse % Correct
Ousmane Dembélé - Mario Götze Oui
84%
Kai Havertz - Romelu Lukaku Oui
78%
Jack Grealish - Boubacar Kamara Non
62%
Ángel Di María - Alvaro Morata Oui
62%
Blaise Matuidi - Federico Chiesa Non
53%
Toni Kroos - Robert Lewandowski Non
53%
Mesut Özil - Martin Ødegaard Non
51%
Victor Osimhen - Rafael Leão Non
51%
Aurélien Tchouaméni - Vanderson Oui
49%
N'Golo Kanté - Marco Ascensio Oui
44%
Pierre-Emile Højbjerg - Virgil van Dijk Oui
44%
Julián Alvarez - Sergio Agüero Oui
38%
Aucun quiz correspondant
Distribution des résultats
% des personnes avec chaque résultat
Percentile par nombre de réponses
Votre historique - résultats
Vous n’avez pas pris ce quiz